[Event "Longueuil CC ch"]
[Site "Longueuil"]
[Date "2007.02.03"]
[Round "5"]
[White "Pachah, Parwiz"]
[Black "Jette, Georges"]
[Result "1-0"]
[WhiteElo "2122"]
[BlackElo "1810"]
[PlyCount "73"]
[EventDate "2007.01.??"]
[EventType "swiss"]
[EventRounds "5"]
[EventCountry "CAN"]
[SourceTitle "EXT 2022"]
[Source "ChessBase"]
[SourceDate "2021.10.06"]
[SourceVersion "1"]
[SourceVersionDate "2021.10.06"]
[SourceQuality "1"]

1. e4 d6 2. d4 Nf6 3. Bd3 g6 4. Nf3 Bg7 5. h3 0-0 6. Be3 Nbd7 7. c3 Re8 8. Nbd2 c5 9. 0-0 cxd4 10. cxd4 a6 11. Qb3 Nf8 12. Rac1 b5 13. Rfd1 Bb7 14. a4 d5 15. e5 N6d7 16. Rc3 Rb8 17. axb5 axb5 18. Ra1 b4 19. Qxb4 Ba6 20. Qa3 Bxd3 21. Rxd3 Nb6 22. b4 Ne6 23. Rc1 f5 24. exf6 exf6 25. Rc6 Nc8 26. Nb3 Nd6 27. Nc5 Nxc5 28. dxc5 Nf5 29. Qb3 Ne7 30. Rd6 Qc8 31. b5 Kh8 32. c6 Nf5 33. R6xd5 Nxe3 34. Rxe3 Rd8 35. Re7 Bf8 36. Rxd8 Qxd8 37. c7 1-0

[Event "Longueuil Coupe Confrontation"]
[Site "Longueuil"]
[Date "1991.02.??"]
[Round "4"]
[White "Jette, Georges"]
[Black "Bureau, Yves"]
[Result "0-1"]
[WhiteElo "1683"]
[BlackElo "1394"]
[PlyCount "102"]
[EventDate "1991.02.??"]
[EventType "swiss"]
[EventRounds "5"]
[EventCountry "CAN"]
[SourceTitle "EXT 2022"]
[Source "ChessBase"]
[SourceDate "2021.10.06"]
[SourceVersion "1"]
[SourceVersionDate "2021.10.06"]
[SourceQuality "1"]

1. c4 e5 2. Nc3 Nc6 3. Nf3 Nf6 4. d4 exd4 5. Nxd4 Bb4 6. Nf5 0-0 7. g4 d6 8. Rg1 Ne4 9. Bd2 Bxf5 10. gxf5 Re8 11. Nxe4 Rxe4 12. Bxb4 Nxb4 13. a3 Nc6 14. Qc2 Qh4 15. Qc3 Nd4 16. Rd1 Nxf5 17. b3 Rae8 18. Rd5 Nd4 19. Rg2 g6 20. Kd1 Nxe2 21. Bxe2 Rxe2 22. Qd3 Qe4 23. Qxe4 R8xe4 24. c5 Re1+ 25. Kd2 dxc5 26. Rxc5 Re7 27. f4 Ra1 28. Rg3 Rxa3 29. h3 b6 30. Rd5 a5 31. f5 Kg7 32. Rdd3 Re5 33. Rdf3 f6 34. fxg6 hxg6 35. Rc3 c5 36. Rcd3 b5 37. Rd7+ Kh6 38. Rd6 Rf5 39. Rd7 c4 40. Rg4 Rxb3 41. Rb7 a4 42. h4 a3 43. Rd4 a2 44. Rdd7 Rd3+ 45. Rxd3 a1Q 46. Rdd7 Rf2+ 47. Ke3 Qe1+ 48. Kd4 Rd2+ 49. Kc5 Rxd7 50. Rxd7 Qe5+ 51. Kb4 c3 0-1

[Event "Longueuil CC-ch"]
[Site "Longueuil"]
[Date "1989.05.11"]
[Round "5"]
[White "Charest, Johanne"]
[Black "Jette, Georges"]
[Result "1-0"]
[WhiteElo "1630"]
[BlackElo "1743"]
[PlyCount "51"]
[EventDate "1989.04.21"]
[EventType "swiss"]
[EventRounds "7"]
[EventCountry "CAN"]
[SourceTitle "EXT 2022"]
[Source "ChessBase"]
[SourceDate "2021.10.06"]
[SourceVersion "1"]
[SourceVersionDate "2021.10.06"]
[SourceQuality "1"]

1. e4 c5 2. Nf3 d6 3. d4 cxd4 4. Nxd4 Nf6 5. Nc3 a6 6. Be2 Qc7 7. Be3 e6 8. f4 Nbd7 9. 0-0 Be7 10. Nb3 b5 11. a3 Bb7 12. Bf3 Rc8 13. Qe2 Nb6 14. Na5 Ba8 15. Nxb5 axb5 16. Qxb5+ Nfd7 17. e5 Nd5 18. Bxd5 Bxd5 19. exd6 Bxd6 20. Rae1 Rb8 21. Qa4 g5 22. fxg5 Bxh2+ 23. Kh1 Bg3 24. Re2 Rxb2 25. Bd4 Be5 26. Bxe5 1-0